00263 a2200109 4500040001300000082001200013245003900025260001900064300001000083650004300093700001700136 aDLCbDLC a297.122 aQuraanic informationcAbdul Waheed aKarachicc2010 a253 p aHandling and recitation of Holy Quraan aAbdul Waheed